000 00589nam a2200229Ia 4500
003 OSt
005 20220928111716.0
006 a|||||r|||| 00| 0
007 ta
008 220927b |||||||| |||| 00| 0 eng d
024 _a74868
037 _cTextual
040 _aSDCL
_cSDCL
_beng
041 _2eng
_aeng
082 _aO-,1N276,1, K2
100 _aAshbery John
_9424695
245 0 _aTennis court oath
260 _aMiddletown
_bWesleyan Univ Pr
_c1962
300 _a94p
_ccm.
942 _hO-,1N276,1, K2
_cTEXL
_2CC
999 _c741513
_d741513